Geheimnisvolle Königin Hatschepsut : ägyptische Kunst des 15. Jahrhunderts v. Chr. /

محفوظ في:

مؤلفون مشاركون: Ägyptisches Museum und Papyrussammlung (Berlin, Germany), Kestner-Museum., Muzeum Narodowe w Warszawie., Staatliche Sammlung Ägyptischer Kunst (Bavaria, Germany)

مؤلفون آخرون: Aksamit, Joanna

التنسيق: كتاب

اللغة: German

منشور في: Warschau : Nationalmuseum in Warschau, 1997.

الموضوعات:

الوسوم: إضافة وسم

لا توجد وسوم, كن أول من يضع وسما على هذه التسجيلة!

رقم الطلب: DT87.15 .A35

LEADER 01637nam a22003497a 4500
003 OSt
005 20260218095341.0
008 260218t1997 pl abe g bc 000 0bger d
020 |a 837100107X 
040 |c ARCE Library 
043 |a f-ua--- 
050 1 4 |a DT87.15  |b .A35 
245 0 0 |a Geheimnisvolle Königin Hatschepsut :   |b ägyptische Kunst des 15. Jahrhunderts v. Chr. /   |c [Autoren der Katalogbeschreibungen, Joanna Aksamit ... et al.]. 
264 1 |a Warschau :   |b Nationalmuseum in Warschau,   |c 1997. 
300 |a 180 pages :   |b illustrations (chiefly color), maps, plan ;   |c 30 cm. 
500 |a "Ausstellung der Kunstschätze aus den Sammlungen der Staatlichen Museen zu Berlin, des Ägyptischen Museums und der Papyrussammlung, des Kestner Museums, Hannover, der Staatlichen Sammlung Ägyptischer Kunst, München, des Nationalmuseums in Warschau." 
500 |a Exhibition held at the National Museum in Warsaw, Poland, Nov. 20-Febraury 20, 1998. 
500 |a Illustrated lining papers. 
504 |a Includes bibliographical references. 
600 0 0 |a Hatshepsut,  |c Queen of Egypt  |v Exhibitions.  |9 31761 
610 2 0 |a Muzeum Narodowe w Warszawie  |v Exhibitions. 
650 0 |a Art, Egyptian  |v Exhibitions. 
651 0 |a Deir el-Bahri Site (Egypt)  |v Exhibitions. 
651 0 |a Egypt  |x Antiquities  |v Exhibitions. 
700 1 |a Aksamit, Joanna,   |9 24991 
710 2 |a Ägyptisches Museum und Papyrussammlung (Berlin, Germany) 
710 2 |a Kestner-Museum. 
710 2 |a Muzeum Narodowe w Warszawie. 
710 2 |a Staatliche Sammlung Ägyptischer Kunst (Bavaria, Germany) 
901 |a reviewed 
942 |c BK  |2 lcc 
999 |c 22946  |d 22946